• 首页
  • 本馆介绍
  • 公告通知
  • 最新文献
  • 馆藏检索
  • 电子资源
  • 读者导购
  • 参考咨询
  • 我的图书馆
  • 登录
  • 详细信息显示
  • 放入我的书架
  • 预约/预借图书
  • 作者相关作品
  • 分类相关作品
  • 丛书相关作品
  • 出版社相关作品

书目信息

  • 表格格式
  • 工作单格式
  • 卡片格式
题名:
当代中国十大舞剧赏析
    
 
作者: 张莉 著
分册:  
出版信息: 上海   上海音乐出版社  2008.08
页数: 235页
开本: 24cm
丛书名:
单 册:
中图分类: J705.2
科图分类:
主题词: 舞剧--艺术评论--中国--现代 , 舞剧 , 艺术评论
电子资源:
ISBN: 978-7-80751-162-5
000 00805nam0 2200253 450
001 012004297849
005 20100325104828.04
010    @a978-7-80751-162-5@dCNY49.00
100    @a20090205d2008 em y0chiy0110 ea
101 0  @achi
102    @aCN@b310000
105    @aaf z 000yy
106    @ar
200 1  @a当代中国十大舞剧赏析@9dang dai zhong guo shi da wu ju shang xi@f张莉著
210    @a上海@c上海音乐出版社@d2008.08
215    @a235页@c图,照片@d24cm
330    @a本书赏析的舞剧包括:水月、妈勒访天边、大梦敦煌、野斑马、澳门新娘、大红灯笼高高挂、红梅赞、云南映像、霸王别姬、兰陵王。
606 0  @a舞剧@x艺术评论@y中国@z现代
606 0  @a舞剧
606 0  @a艺术评论
690    @aJ705.2@v4
701  0 @a张莉@9zhang li@4著
801  0 @aCN@bNLC@c20100325
905    @b799063-67@dJ705.2@e110@f5
    
    当代中国十大舞剧赏析/张莉著.-上海:上海音乐出版社,2008.08
    235页:图,照片;24cm
    
    
    ISBN 978-7-80751-162-5:CNY49.00
    本书赏析的舞剧包括:水月、妈勒访天边、大梦敦煌、野斑马、澳门新娘、大红灯笼高高挂、红梅赞、云南映像、霸王别姬、兰陵王。
●
相关链接 在E读中查询图书 在五车中查询图书 在当当中查询图书 在豆瓣中查询图书


正题名:当代中国十大舞剧赏析     索取号:J705.2/110         预约/预借

序号 登录号 条形码 馆藏地/架位号 状态 备注
1 799063   207990637   第一样本阅览室/ [索取号:J705.2/110] 在馆    
2 799064   207990646   第一借阅区/ [索取号:J705.2/110] 在馆    
3 799065   207990655   第一借阅区/ [索取号:J705.2/110] 在馆    
4 799066   207990664   第一借阅区/ [索取号:J705.2/110] 在馆    
5 799067   207990673   第一借阅区/ [索取号:J705.2/110] 在馆    
唐山师范学院图书馆 欢迎您!
大连网信软件有限公司© 版权所有